| 000 | 01005nam a2200301 a 4500 | ||
|---|---|---|---|
| 001 | 000024787 | ||
| 003 | DO-SdBNP | ||
| 005 | 20171101112654.0 | ||
| 007 | 000024787 | ||
| 008 | 110204s2003 dr a 000 0 spa d | ||
| 020 | _a9993476846 | ||
| 040 |
_aBPMET _bspa _cBPMET |
||
| 100 | 1 |
_aCassá, Roberto _c1948- |
|
| 245 | 1 | 0 |
_aManuel Aurelio Tavárez Justo : _blíder de la juventud / _cRoberto Cassá. |
| 260 |
_aSanto Domingo : _bTOBOGÁN, _c2003. |
||
| 300 |
_a104 P. : _bil. ; _c22 cm. |
||
| 490 | 1 | _aBiografías dominicanas Tobogán | |
| 504 | _aBibliografía : P. 103-104 | ||
| 830 | 0 | _aBiografías dominicanas Tobogán | |
| 930 | 1 |
_lBND01 _mLF1 _820110318 _f04 _pMI _g15856 _he. 3 |
|
| 930 | 1 |
_lBND01 _mLF1 _820110204 _f01 _pHD _g15856 |
|
| 930 | 1 |
_lBND01 _mLF1 _820110318 _f01 _pMI _g15856 _he. 2 |
|
| 942 |
_2ddc _cBK |
||
| 945 | _aInventariado, 2017/MFF | ||
| 956 |
_aIGARCIA _b10 _c20110204 _lBND01 _h1342 |
||
| 956 |
_aNMORDAN _b10 _c20110204 _lBND01 _h1450 |
||
| 956 |
_aVMATEO _b10 _c20150903 _lBPMSU _h00151 |
||
| 999 |
_c7468 _d7468 |
||